000 nam a22 a 4500
999 _c1344
_d1344
003 AKMAL
005 20170509111826.0
008 170509s2002 my e 000 0 may d
020 _a9676113417 (kkt.) :
_cRM22.00
040 _aAKMAL
082 0 4 _a303.6409595 REV
090 0 0 _a303.6409595
_bREV
245 0 0 _aRevolusi mental /
_cdisusun oleh Senu Abdul Rahman ... [et al.]
250 _aEdisi ke-2
260 _aKuala Lumpur :
_bUtusan Publications & Distributors,
_c2002
300 _axxxiv, 402ms. ;
_c21cm.
650 0 _aMalays
_xSocial conditions
_zMalaysia
_92634
650 0 _aSocial change
_zMalaysia
_92635
650 0 _aSocial values
_zMalaysia
_92636
650 0 _aSocial conflict
_zMalaysia
_92637
700 0 _aSenu Abdul Rahman
_92638
942 _2ddc
_cBOOK